| 000 | 00597cam4a220021700 4500 | ||
|---|---|---|---|
| 001 | zam00003500 | ||
| 008 | 951128s1973 xx eng u | ||
| 035 | _a(Sirsi) r20827 | ||
| 035 | _a(MACHINE)SLC. | ||
| 100 |
_aBernstein, B. _6A82327.1 |
||
| 245 | 1 | 0 | _aClass codes & control vol. 2. |
| 260 | _c1973. | ||
| 949 |
_aP41 _vVOL. 2 _wlcc _mMAIN _p2500 _tSHORTLOAN _lSHORTLOAN |
||
| 004 | 20827 | ||
| 591 | _aClass code: E 949. | ||
| 591 | _aCourse: Sociolinguistics. | ||
| 591 | _aSchool: S05. | ||
| 591 | _aLecturer: Mr. HIRST, S.B. | ||
| 591 | _aNumber of Students: 20. | ||
| 909 | _aBook | ||
| 999 |
_c173238 _d173238 |
||